| 000 | 00600nam a2200193 a 4500 | ||
|---|---|---|---|
| 005 | 20231018063542.0 | ||
| 008 | 080801s1982 mx r 000 0 spa d | ||
| 035 | _aUPN01000158670 | ||
| 049 | _aUNE | ||
| 080 | _aOC 07 (02) ( CHA. | ||
| 100 | 1 | _aChávez Chávez, Esteban. | |
| 245 | 1 | 0 |
_aManual para la elaboración del periodico mural / _cEsteban Chávez Chávez. |
| 260 |
_aMéxico : _bILCE, _c1982. |
||
| 300 |
_a36 p. : _bil. |
||
| 690 |
_aPeriódicos _910229 |
||
| 690 | _aPrensa de información | ||
| 710 | 2 |
_aInstituto Latinoamericano de Comunicación Educativa _928566 |
|
| 905 | _aUNESCO | ||
| 999 |
_c130784 _d130784 |
||